[Event "Kerch Panticapaeum Rapid op"]
[Site "Kerch"]
[Date "2021.09.22"]
[Round "8"]
[White "Brusilovskiy, Boris"]
[Black "Ivanov, Maxim S"]
[Result "0-1"]
[WhiteElo "2067"]
[BlackElo "1749"]
[PlyCount "89"]
[EventDate "2021.09.21"]
[EventType "swiss (rapid)"]
[EventRounds "9"]
[EventCountry "RUS"]
[SourceTitle "CBM 204 Extra"]
[Source "ChessBase"]
[SourceDate "2021.11.30"]
[SourceVersion "1"]
[SourceVersionDate "2021.11.30"]
[SourceQuality "1"]

1. e4 e5 2. Nf3 Nc6 3. Nc3 Nf6 4. d4 exd4 5. Nxd4 Bb4 6. Nxc6 bxc6 7. Bd3 d5 8. exd5 cxd5 9. 0-0 0-0 10. Bg5 c6 11. Qf3 Be7 12. Rfe1 h6 13. Bh4 g5 14. Bg3 Bg4 15. Qe3 Bb4 16. Be5 Re8 17. Qg3 Bd7 18. Qf3 Ng4 19. Bd4 c5 20. Rxe8+ Qxe8 21. Nxd5 cxd4 22. Nxb4 Rc8 23. Nd5 Rc6 24. h3 Ne5 25. Qe4 f5 26. Qe2 Rd6 27. c4 dxc3 28. Nxc3 Nxd3 29. Qc2 Qe5 30. Rd1 Nc5 31. Rc1 Bc6 32. b4 Nd3 33. Rd1 Qd4 34. b5 Bb7 35. a4 g4 36. hxg4 fxg4 37. Qe2 g3 38. Qe8+ Kh7 39. Qf7+ Qg7 40. Qf5+ Qg6 41. Qxg6+ Kxg6 42. fxg3 Kf5 43. Ne2 Ke5 44. Nf4 Be4 45. Ne2 0-1

[Event "Kerch Panticapaeum Rapid op"]
[Site "Kerch"]
[Date "2021.09.22"]
[Round "9"]
[White "Kryakvin, Dmitry"]
[Black "Ivanov, Maxim S"]
[Result "1-0"]
[WhiteElo "2570"]
[BlackElo "1749"]
[PlyCount "63"]
[EventDate "2021.09.21"]
[EventType "swiss (rapid)"]
[EventRounds "9"]
[EventCountry "RUS"]
[SourceTitle "CBM 204 Extra"]
[Source "ChessBase"]
[SourceDate "2021.11.30"]
[SourceVersion "1"]
[SourceVersionDate "2021.11.30"]
[SourceQuality "1"]

1. Nf3 f5 2. d3 Nf6 3. g3 g6 4. Bg2 Bg7 5. 0-0 0-0 6. c4 d6 7. Nc3 e5 8. Rb1 a5 9. a3 h6 10. b4 axb4 11. axb4 Nc6 12. Bd2 e4 13. Ne1 Re8 14. dxe4 fxe4 15. Nc2 Bf5 16. Ne3 Ne5 17. Qc2 c6 18. Nxe4 Bxe4 19. Bxe4 Nxe4 20. Qxe4 Ra2 21. Rbd1 b5 22. Bc3 bxc4 23. Bxe5 d5 24. Qb1 Rxe2 25. Bxg7 Kxg7 26. Nxc4 Qf6 27. Na5 Kh7 28. Qd3 R2e4 29. b5 cxb5 30. Qxd5 R4e5 31. Qb7+ R8e7 32. Rd7 1-0

[Event "Borisoglebsk Bocharov Memorial"]
[Site "Borisoglebsk"]
[Date "2014.03.17"]
[Round "9"]
[White "Mezgo, Victor"]
[Black "Ivanov, Maxim S"]
[Result "1/2-1/2"]
[WhiteElo "1711"]
[BlackElo "1816"]
[PlyCount "64"]
[EventDate "2014.03.13"]
[EventType "swiss"]
[EventRounds "9"]
[EventCountry "RUS"]
[SourceTitle "CBM 159 Extra"]
[Source "ChessBase"]
[SourceDate "2014.04.24"]
[SourceVersion "1"]
[SourceVersionDate "2014.04.24"]
[SourceQuality "1"]

1. e4 d5 2. exd5 Nf6 3. Nc3 Nxd5 4. d4 g6 5. Bc4 Nb6 6. Bb3 Bg7 7. Nge2 0-0 8. 0-0 c6 9. Ne4 N8d7 10. c3 e5 11. Bg5 Nf6 12. Nxf6+ Bxf6 13. Bxf6 Qxf6 14. dxe5 Qxe5 15. Nd4 Qf6 16. Qf3 Qxf3 17. Nxf3 Bd7 18. Rfe1 h6 19. Ne5 Kg7 20. Nxd7 Nxd7 21. Rad1 Nc5 22. Bc2 Rfe8 23. Kf1 Rxe1+ 24. Rxe1 Kf6 25. f4 Rd8 26. Ke2 Re8+ 27. Kf2 Rxe1 28. Kxe1 g5 29. fxg5+ hxg5 30. b4 Ne6 31. g3 Ke5 32. Ke2 c5 1/2-1/2

[Event "Borisoglebsk Autumn op"]
[Site "Borisoglebsk"]
[Date "2013.09.09"]
[Round "7"]
[White "Ivanov, Maxim S"]
[Black "Golovanov, Anatoly"]
[Result "1-0"]
[WhiteElo "1785"]
[BlackElo "1816"]
[PlyCount "51"]
[EventDate "2013.09.06"]
[EventType "swiss"]
[EventRounds "7"]
[EventCountry "RUS"]
[SourceTitle "CBM 156 Extra"]
[Source "ChessBase"]
[SourceDate "2013.10.22"]
[SourceVersion "1"]
[SourceVersionDate "2013.10.22"]
[SourceQuality "1"]

1. d4 d5 2. Bf4 e6 3. Nf3 Bd6 4. Bg3 Nf6 5. e3 0-0 6. Bd3 h6 7. c3 Ne4 8. Nbd2 f5 9. 0-0 Nxg3 10. hxg3 Nd7 11. c4 c6 12. a3 g5 13. Be4 fxe4 14. Ne5 Nxe5 15. dxe5 Bd7 16. Qh5 Kg7 17. f4 Qb6 18. Qe2 Qd8 19. Rae1 Rh8 20. Qh5 Qe7 21. Rf2 Be8 22. Qg4 Bg6 23. fxg5 hxg5 24. Rf6 Rh5 25. Rxe6 a6 26. exd6 1-0

[Event "Borisoglebsk Autumn op"]
[Site "Borisoglebsk"]
[Date "2013.09.06"]
[Round "1"]
[White "Ivanov, Maxim S"]
[Black "Titov, Sergey"]
[Result "0-1"]
[WhiteElo "1785"]
[BlackElo "1990"]
[PlyCount "66"]
[EventDate "2013.09.06"]
[EventType "swiss"]
[EventRounds "7"]
[EventCountry "RUS"]
[SourceTitle "CBM 156 Extra"]
[Source "ChessBase"]
[SourceDate "2013.10.22"]
[SourceVersion "1"]
[SourceVersionDate "2013.10.22"]
[SourceQuality "1"]

1. d4 d5 2. Bf4 Nf6 3. Nf3 c6 4. e3 h6 5. Bd3 e6 6. c3 Be7 7. Nbd2 Nbd7 8. Ne5 Nxe5 9. dxe5 Nd7 10. Qg4 g5 11. Bg3 h5 12. Qf3 h4 13. 0-0-0 Qc7 14. e4 hxg3 15. Qxg3 Qxe5 16. exd5 Qxg3 17. fxg3 cxd5 18. Rde1 Nc5 19. Bc2 a5 20. Nf3 0-0 21. h4 g4 22. Ne5 f5 23. Ng6 Bd6 24. Nxf8 Bxf8 25. Rhf1 Bd7 26. Re5 b5 27. a3 a4 28. Rd1 Kf7 29. Kb1 Bc6 30. Rf1 Ne4 31. Bxe4 dxe4 32. Rd1 Kf6 33. Kc2 Kxe5 0-1

[Event "Borisoglebsk Summer op"]
[Site "Borisoglebsk"]
[Date "2013.06.28"]
[Round "1"]
[White "Ivanov, Maxim S"]
[Black "Kovalenko, Vladimir"]
[Result "0-1"]
[WhiteElo "1799"]
[BlackElo "2137"]
[PlyCount "128"]
[EventDate "2013.06.28"]
[EventType "swiss"]
[EventRounds "7"]
[EventCountry "RUS"]
[SourceTitle "EXT 2014"]
[Source "ChessBase"]
[SourceDate "2013.11.20"]
[SourceVersion "1"]
[SourceVersionDate "2013.11.20"]
[SourceQuality "1"]

1. d4 Nf6 2. Nf3 c5 3. c3 e6 4. Bf4 cxd4 5. cxd4 Qb6 6. Qc2 Nc6 7. e3 Be7 8. Nc3 a6 9. Be2 d6 10. 0-0 Bd7 11. b3 Rc8 12. Qd2 d5 13. Na4 Qa7 14. Rac1 Ba3 15. Rcd1 Ne4 16. Qd3 Nb4 17. Qb1 b5 18. Nc5 Nc3 19. Qa1 Nxe2+ 20. Kh1 Nxf4 21. exf4 f6 22. Qb1 0-0 23. Rfe1 Rfe8 24. Nd3 Nxd3 25. Qxd3 Qc7 26. g3 Qc2 27. Qxc2 Rxc2 28. Rd2 Rxd2 29. Nxd2 Bb4 30. Rd1 Bxd2 31. Rxd2 b4 32. Kg2 Rc8 33. Kf3 Rc3+ 34. Ke2 Kf7 35. h3 Ke7 36. h4 Kd6 37. f3 Bb5+ 38. Kf2 a5 39. Kg2 Rd3 40. Rc2 Bc6 41. Kf2 Rxd4 42. Ke3 Rd1 43. Ke2 Rh1 44. Ke3 e5 45. fxe5+ fxe5 46. f4 d4+ 47. Kd3 exf4 48. gxf4 Rxh4 49. Kxd4 Rxf4+ 50. Ke3 Rf3+ 51. Ke2 Rf7 52. Rd2+ Bd5 53. Ke3 g5 54. Rh2 Ke5 55. Rh5 Kf5 56. Kd4 Kg6 57. Rh2 Rf5 58. Ke3 g4 59. Rd2 g3 60. Rd1 h5 61. Rg1 h4 62. Ke2 g2 63. Ke1 h3 64. Ke2 h2 0-1

[Event "Borisoglebsk-ch"]
[Site "Borisoglebsk"]
[Date "2012.06.24"]
[Round "4"]
[White "Vechkanov, Valery"]
[Black "Ivanov, Maxim S"]
[Result "1/2-1/2"]
[WhiteElo "1879"]
[BlackElo "1905"]
[PlyCount "81"]
[EventDate "2012.06.22"]
[EventType "swiss"]
[EventRounds "7"]
[EventCountry "RUS"]
[SourceTitle "EXT 2013"]
[Source "ChessBase"]
[SourceDate "2012.11.22"]
[SourceVersion "1"]
[SourceVersionDate "2012.11.22"]
[SourceQuality "1"]

1. d4 d5 2. c4 dxc4 3. e3 e5 4. Bxc4 exd4 5. exd4 Nf6 6. Be3 Be7 7. Nf3 0-0 8. 0-0 c6 9. Qb3 b5 10. Bd3 Be6 11. Qc2 Bd5 12. Nbd2 Bd6 13. Rac1 Re8 14. Bg5 h6 15. Bxf6 Qxf6 16. Rfe1 Na6 17. a3 Rxe1+ 18. Rxe1 Rc8 19. Bxb5 Nb8 20. Bc4 Bxc4 21. Qxc4 Nd7 22. Ne4 Qg6 23. g3 Nb6 24. Qa6 Rc7 25. Nxd6 Qxd6 26. Qd3 Re7 27. Rxe7 Qxe7 28. b4 Qe6 29. Ne5 f6 30. Nf3 Qd5 31. Kg2 Kf7 32. Qa6 Qd7 33. a4 Nd5 34. Qc4 Ke8 35. b5 cxb5 36. axb5 Kf8 37. Qc5+ Kg8 38. Nd2 Qb7 39. f3 Nc7 40. Kf2 Nxb5 41. Nb3 1/2-1/2